000 00676nam a2200241Ia 4500
005 20260430150534.0
008 008 250103s9999 xx 000 0 eng d
037 _aTheses
040 _aCRL
040 _beng
040 _ceng
041 _2eng
041 _aeng
084 _qCRL
100 _aSatyapriya Au.; Raj Kumar Gu.
_91237793
245 0 _aFrame Multiresolution Analysis and Associated Wavelet Frames on Locally Compact Abelian Groups
260 _c2024
300 _a137p.
650 _aMathematics
700 _aUniversity of Delhi. Faculty of Mathematical Sciences . Deptt. of Mathematics
_91237794
942 _cTH
999 _c1850027
_d1850027